[Event "Xeraco Region-ch Segunda"]
[Site "Xeraco"]
[Date "2016.11.12"]
[Round "6.7"]
[White "Rosello Perello, Antoni"]
[Black "Moreno Grau, Jose Eugenio"]
[Result "0-1"]
[WhiteElo "1255"]
[BlackElo "1292"]
[PlyCount "90"]
[EventDate "2016.10.01"]
[EventType "swiss"]
[EventRounds "7"]
[EventCountry "ESP"]
[SourceTitle "EXT 2024"]
[Source "ChessBase"]
[SourceDate "2023.10.10"]
[SourceVersion "1"]
[SourceVersionDate "2023.10.10"]
[SourceQuality "1"]

1. d4 e6 2. Nc3 d5 3. Nf3 f5 4. g3 Nf6 5. Bg2 g6 6. Bg5 Bg7 7. 0-0 0-0 8. e3 Qe8 9. Ne5 Nbd7 10. Nb5 Qd8 11. Bf4 a6 12. Nxd7 Qxd7 13. Nxc7 Ra7 14. Qe1 Nh5 15. Qc3 Nxf4 16. exf4 b6 17. Nxe6 Qxe6 18. Rfe1 Qd6 19. Qe3 Bd7 20. Qe7 Qxe7 21. Rxe7 Bf6 22. Bxd5+ Kh8 23. Ree1 Re8 24. c3 Rc7 25. Bf7 Rxe1+ 26. Rxe1 Bc8 27. Re8+ Kg7 28. Bb3 Bb7 29. Re1 Re7 30. Rd1 Re2 31. d5 Rxb2 32. d6 Bf3 33. Rc1 Rd2 34. Bc4 b5 35. Bb3 Rxd6 36. c4 bxc4 37. Rxc4 Be2 38. Rc1 Bb5 39. Rc7+ Rd7 40. Rc1 Bd8 41. Re1 Bc6 42. Rc1 Bf3 43. Kf1 Bd5 44. Bxd5 Rxd5 45. a4 a5 0-1